La figura humana: test proyectivo de Karen Machover
Salvato in:
| Autore principale: | |
|---|---|
| Natura: | Libro |
| Lingua: | spagnolo |
| Pubblicazione: |
Madrid
Biblioteca Nueva
1997
|
| Edizione: | 1a. ed |
| Soggetti: | |
| Tags: |
Aggiungi Tag
Nessun Tag, puoi essere il primo ad aggiungerne!!
|
MARC
| LEADER | 00000nam a2200000 a 4500 | ||
|---|---|---|---|
| 001 | UCK0397 | ||
| 003 | CL-VaPUC | ||
| 008 | 041001e19970000SP |||||||||||||||||spa|d | ||
| 020 | |a 847030268X | ||
| 082 | 0 | 4 | |a 155.284 |b POR |2 21 |
| 100 | 0 | |a Portuondo, Juan A |e author |9 488320 | |
| 245 | 1 | 3 | |a La figura humana: test proyectivo de Karen Machover |
| 250 | |a 1a. ed | ||
| 300 | |a 158 p | ||
| 942 | |c BK | ||
| 945 | |d 20041001 00:00:00 |a cmena | ||
| 260 | |a Madrid |b Biblioteca Nueva |c 1997 | ||
| 650 | 0 | |a Personalidad |9 307255 | |
| 650 | 0 | |a Desarrollo individual |9 307875 | |
| 650 | 7 | |a TEST PSICOLOGICOS |2 CL-VaPUC |9 333478 | |
| 583 | |a last modification |c 20041001 00:00:00 |k Rodrigo Vera | ||
| 999 | |c 310850 |d 310848 | ||
| 952 | |0 0 |1 0 |4 0 |6 155_284000000000000_POR_1997 |7 0 |8 R |9 379881 |a BIBEDU |b BIBEDU |c MCIRC |d 2019-11-21 |i 4048202 |o 155.284 POR 1997 |p 4048202 |r 2023-01-13 |w 2019-11-21 |y BK_R |k PSI | ||